| 000 | 01746cam a2200493 a 4500 | ||
|---|---|---|---|
| 003 | PE-LiUPU | ||
| 005 | 20250731172926.0 | ||
| 008 | 050503r1991 xxuac r 000 0 eng d | ||
| 020 | _a0921714025 | ||
| 020 | _a9780921714026 | ||
| 035 | _a(Sirsi) i9780921714026 | ||
| 040 |
_aUKV3G _bspa _cUKV3G _dOCLCQ _dPE-LiUPU _erda |
||
| 082 | 0 | 0 |
_a236.9 _bJ34 _223 |
| 100 | 1 |
_aJeffery, Grant R., _eautor. |
|
| 245 | 1 | 0 |
_aMessiah : _bwar in the Middle East & the road to Armageddon / _cGrant R. Jeffrey. |
| 264 | 1 |
_aToronto, Ontario. : _bFrontier Research, _c1994. |
|
| 300 |
_a331 páginas : _bilustraciones ; _c22 centímetros. |
||
| 336 |
_atext _2rdacontent |
||
| 337 |
_aunmediated _2rdamedia |
||
| 338 |
_avolume _2rdacarrier |
||
| 504 | _aBibliografía : páginas 327-331. | ||
| 505 | _aCountdown to armageddon -- The search for the Messiah -- Jerusalem and the temple -- The coming Messiah. | ||
| 526 | _aSEG42 | ||
| 526 | _aSEG41 | ||
| 526 | _aSEG40 | ||
| 526 | _aSEG39 | ||
| 526 | _aP94 | ||
| 526 | _aP87 | ||
| 526 | _aP86 | ||
| 526 | _aP85 | ||
| 526 | _aP77 | ||
| 526 | _aP76 | ||
| 526 | _aP35 | ||
| 650 | 0 |
_aEscatología. _95923 |
|
| 650 | 0 | _aIsrael. | |
| 650 | 0 | _aMesías. | |
| 910 |
_aebj _bebj _cjck _d20170510 |
||
| 942 |
_2ddc _cBOOK |
||
| 949 |
_a236.9 J34 _wDEWEY _c1 _i75936 _lCCODEBUL1 _mBUL _p03.00 _r0 _sY _tBOOK _u2017-05-10 _xPOSGRADO _PP85 _0DONACION _o.STAFF. Colección General |
||
| 994 |
_aC0 _bPEPRU |
||
| 596 | _a1 | ||
| 999 |
_a236.9 J34 _wDEWEY _c20345 _i75936 _f2021-11-10 _g4 _lCCODEBUL1 _mBUL _p3.00 _r0 _sY _tBOOK _u2017-5-10 _xTEOLOGIA _PP85 _0DONACION _o.STAFF. Colección General _d20345 |
||
| 980 |
_81 _gALBERTO SANCHEZ Responsable de Automatización |
||